00694nam a2200193 a 450000100100000000500170001000800410002702000150006804000250008308200210010810000320012924500950016125000120025626000600026830000210032804900090034995201250035899900170048300002211720200930011605.0100916s1989 ag r 000 0 spa d a9503701856 aDO-SdBNPbspacBNPHU aNNNbL615s, 19891 aLerer, María Luisa94581710aSexualidad femenina :bmitos, realidades y el sentido de ser mujer /cMaría Luisa Lerer. a13a ed. aBuenos Aires, Argentina :bSudamericana/Planeta,c1989. a230 p. ;c20 cm. aBNGR 001054708MOaGRbGRcCTd2010-09-16iLF1l0oNNN L615s, 1989p22117-10r2020-06-25w2020-06-25y4ZPréstamo en sala c21615d21615